000 00403nam a22001337a 4500
003 SGT
020 _a9789326354370
082 _a301.2
_bP16V
100 _aवर्मा, विमलेश कांति
245 _aप्रवासी भारतीय हिंदी साहित्य
260 _bभारतीय ज्ञानपीठ
_c2016
300 _a511
942 _2ddc
_cBK
999 _c29587
_d29587